Marx, Proudhon, and European socialism / (Record no. 3548)
[ view plain ]
| 000 -LEADER | |
|---|---|
| fixed length control field | 01257cam a2200361 a 4500 |
| 001 - CONTROL NUMBER | |
| control field | 3548 |
| 003 - CONTROL NUMBER IDENTIFIER | |
| rucl marc code | BD-RjUL |
| 005 - DATE AND TIME OF LATEST TRANSACTION | |
| control field | 20211208233741.0 |
| 008 - FIXED-LENGTH DATA ELEMENTS--GENERAL INFORMATION | |
| fixed length control field | 131219s1957 nyu b 001 0 eng c |
| 035 ## - SYSTEM CONTROL NUMBER | |
| System control number | (BD-RjUL)3582 |
| System control number | (OCoLC)1822687 |
| 040 ## - CATALOGING SOURCE | |
| Original cataloging agency | Rochester. Univ. |
| Transcribing agency | DLC |
| Modifying agency | DLC |
| Language of cataloging | eng |
| 041 ## - LANGUAGE CODE | |
| Language code of text/sound track or separate title | eng |
| 051 ## - LIBRARY OF CONGRESS COPY, ISSUE, OFFPRINT STATEMENT | |
| Classification number | HX39 |
| Item number | .J18 Copy 2 |
| Copy information | Dust jacket. |
| Classification number | HX39 |
| Item number | .J18 Copy 3 |
| Copy information | Gift of Paul Avrich, Aug. 26, 1986. Dust jacket. |
| 082 ## - DEWEY DECIMAL CLASSIFICATION NUMBER | |
| Edition number | 16 |
| Classification number | 335.8 |
| Author mark and year | JAM 1957 |
| 100 1# - MAIN ENTRY--PERSONAL NAME | |
| Personal name | Jackson, J. Hampden |
| Fuller form of name | (John Hampden), |
| Dates associated with a name | 1907- |
| 9 (RLIN) | 11200 |
| 245 10 - TITLE STATEMENT | |
| Title | Marx, Proudhon, and European socialism / |
| Statement of responsibility, etc. | J. Hampden Jackson. |
| 260 ## - PUBLICATION, DISTRIBUTION, ETC. (IMPRINT) | |
| Place of publication, distribution, etc. | London : |
| Name of publisher, distributor, etc. | English Universities Press, Ltd., |
| Date of publication, distribution, etc. | 1957. |
| 300 ## - PHYSICAL DESCRIPTION | |
| Pagination | 192 p. ; |
| Size | 18 cm. |
| 500 ## - GENERAL NOTE | |
| General note | Includes index. |
| 504 ## - BIBLIOGRAPHY, ETC. NOTE | |
| Bibliography, etc | Bibliography: p. 183-184. |
| 526 ## - STUDY PROGRAM INFORMATION NOTE | |
| Requested Dept. | Political Science |
| 600 10 - SUBJECT ADDED ENTRY--PERSONAL NAME | |
| Personal name | Marx, Karl, |
| Dates associated with a name | 1818-1883. |
| Personal name | Proudhon, P.-J. |
| Fuller form of name | (Pierre-Joseph), |
| Dates associated with a name | 1809-1865. |
| 650 #0 - SUBJECT ADDED ENTRY--TOPICAL TERM | |
| Topical term or geographic name as entry element | Socialism |
| Geographic subdivision | Europe. |
| 9 (RLIN) | 11203 |
| 710 2# - ADDED ENTRY--CORPORATE NAME | |
| Corporate name or jurisdiction name as entry element | Anarchism Collection (Library of Congress) |
| Institution to which field applies | DLC |
| 9 (RLIN) | 11204 |
| Corporate name or jurisdiction name as entry element | Paul Avrich Collection (Library of Congress) |
| Institution to which field applies | DLC |
| 9 (RLIN) | 11205 |
| 942 ## - ADDED ENTRY ELEMENTS (KOHA) | |
| Source of classification or shelving scheme | Dewey Decimal Classification |
| Koha item type | Books |
| Lost status | Source of classification or shelving scheme | Damaged status | Not for loan | Collection code | Permanent Location | Current Location | Shelving location | Date acquired | Source of acquisition | Cost, normal purchase price | Total Checkouts | Full call number | Date last seen | Copy number | Koha item type |
|---|---|---|---|---|---|---|---|---|---|---|---|---|---|---|---|
| Dewey Decimal Classification | Not For Loan | Non-fiction | Central Library, University of Rajshahi | Central Library, University of Rajshahi | Reading Room | 05/08/1964 | Zeitlinger | 10.60 | 335.8 JAM 1957 | 19/12/2013 | C-1 | Books |